| 000 | 00938cam a2200193 4500 | ||
|---|---|---|---|
| 001 | ABS65188 | ||
| 008 | 020312n2002 000 0 eng u | ||
| 035 | _a(Sirsi) u117113 | ||
| 245 | _aSalaries for surveyors rise by nearly 5% | ||
| 260 | _c2002 | ||
| 490 |
_aCSM _bChartered Surveyor Monthly _v3 March 2002, 16-19(4) |
||
| 520 | _aPreliminary results from the latest survey of chartered surveyors' salaries shows average earnings reach £35 517 in 2001. The survey was carried out on behalf of RICS and recruitment specialist Macdonald & Company. The highest paid areas are Greater London and the south-east. Discusses various parts of the survey such as the gender gap and age and experience of the respondents. With tables of average salary and bonuses. | ||
| 590 | _aABS | ||
| 650 | _aSURVEYOR | ||
| 650 | _aSALARY SURVEYS | ||
| 650 | _aGENDER | ||
| 690 | _aMANAGEMENT-BUSINESS MANAGEMENT-PROFESSIONAL PRACTICE | ||
| 942 | _n0 | ||
| 999 |
_c69768 _d69768 |
||